[Event "Reno Far West op"]
[Site "Reno"]
[Date "2006.04.08"]
[Round "3"]
[White "Harmon, Clark R"]
[Black "Alonso, Francisco"]
[Result "0-1"]
[WhiteElo "2224"]
[BlackElo "2021"]
[PlyCount "88"]
[EventDate "2006.04.12"]
[EventType "swiss"]
[EventRounds "6"]
[EventCountry "USA"]
[SourceTitle "EXT 2009"]
[Source "ChessBase"]
[SourceDate "2008.11.26"]
[SourceVersion "1"]
[SourceVersionDate "2008.11.26"]
[SourceQuality "1"]

1. d4 Nf6 2. c4 e5 3. dxe5 Ng4 4. e4 Nxe5 5. f4 Ng6 6. Nc3 Bc5 7. Nf3 d6 8. Na4 Na6 9. a3 Qf6 10. f5 Ne5 11. Bf4 Nxf3+ 12. Qxf3 Bd4 13. g4 g5 14. Bd2 Nc5 15. Nxc5 dxc5 16. h4 h6 17. hxg5 hxg5 18. Rxh8+ Qxh8 19. Bxg5 Bxb2 20. Rb1 Bc3+ 21. Ke2 a5 22. Bg2 Ra6 23. Bf4 Be5 24. Bd2 Rd6 25. Bxa5 b6 26. Bd2 Ba6 27. Qb3 Qh4 28. Rh1 Qxg4+ 29. Bf3 Qg3 30. Be3 Bb7 31. Qa4+ Bc6 32. Qa7 Kd7 33. Qb8 Qg7 34. Rg1 Qh8 35. Rg8 Qh2+ 36. Bf2 Rd2+ 37. Kxd2 Qxf2+ 38. Be2 Bf4+ 39. Kc3 Qe3+ 40. Bd3 Qd2+ 41. Kb3 Qxd3+ 42. Kb2 Qd2+ 43. Kb3 Qd1+ 44. Kb2 Be5+ 0-1

[Event "Dake Memorial"]
[Site "McMinnville"]
[Date "2004.06.10"]
[Round "6"]
[White "Harmon, Clark R"]
[Black "Anka, Emil"]
[Result "0-1"]
[WhiteElo "2184"]
[BlackElo "2422"]
[PlyCount "114"]
[EventDate "2004.06.05"]
[EventType "tourn"]
[EventRounds "9"]
[EventCountry "USA"]
[EventCategory "3"]
[SourceTitle "CBM 100 Extra"]
[Source "ChessBase"]
[SourceDate "2004.07.06"]
[SourceVersion "2"]
[SourceVersionDate "2004.07.06"]
[SourceQuality "1"]

1. d4 Nf6 2. c4 e6 3. Nf3 c5 4. d5 exd5 5. cxd5 d6 6. Nc3 g6 7. e4 Bg7 8. h3 0-0 9. Bd3 Nh5 10. 0-0 Nd7 11. Bg5 Bf6 12. Be3 Re8 13. Re1 a6 14. a4 Rb8 15. Nd2 Bd4 16. Bf1 Qf6 17. Rc1 Ne5 18. g3 Bxe3 19. Rxe3 Qg5 20. Nf3 Nxf3+ 21. Qxf3 Bd7 22. Rce1 Qe5 23. Qe2 Qd4 24. b3 b5 25. axb5 Bxb5 26. Nxb5 axb5 27. Qd3 Qxd3 28. Bxd3 Nf6 29. Ra1 c4 30. bxc4 bxc4 31. Bxc4 Rxe4 32. Rxe4 Nxe4 33. Ra6 Rb2 34. Ra2 Rb1+ 35. Kg2 Rc1 36. Bd3 Nc5 37. Be2 Kg7 38. h4 h6 39. Rb2 Kf6 40. Rd2 g5 41. hxg5+ hxg5 42. Bh5 Ra1 43. Rb2 Ra7 44. Re2 Nd3 45. Rd2 Ne5 46. Bd1 g4 47. Rd4 Kg5 48. Rf4 Ra2 49. Rd4 f5 50. Kf1 Kf6 51. Ke1 Nd7 52. Rd3 Nc5 53. Re3 Ra1 54. Ke2 Ne4 55. f4 gxf3+ 56. Rxf3 Ke5 57. Rd3 Rxd1 0-1

[Event "Elekes Memorial IM 29th"]
[Site "Budapest"]
[Date "2004.05.21"]
[Round "7"]
[White "Harmon, Clark R"]
[Black "Boros, Denes"]
[Result "0-1"]
[WhiteElo "2184"]
[BlackElo "2408"]
[PlyCount "108"]
[EventDate "2004.05.15"]
[EventType "tourn"]
[EventRounds "11"]
[EventCountry "HUN"]
[EventCategory "2"]
[SourceTitle "CBM 100 Extra"]
[Source "ChessBase"]
[SourceDate "2004.07.06"]
[SourceVersion "2"]
[SourceVersionDate "2004.07.06"]
[SourceQuality "1"]

1. d4 Nf6 2. c4 g6 3. Nc3 d5 4. cxd5 Nxd5 5. e4 Nxc3 6. bxc3 Bg7 7. Nf3 0-0 8. h3 c5 9. Be3 Qa5 10. Qd2 Nc6 11. Rc1 cxd4 12. cxd4 Qxd2+ 13. Kxd2 f5 14. Bc4+ Kh8 15. exf5 Bxf5 16. Bd5 Rad8 17. Bxc6 bxc6 18. Rxc6 e5 19. Rc7 exd4 20. Bg5 Rb8 21. Rhc1 Rfe8 22. Re7 Rxe7 23. Bxe7 Rb7 24. Bh4 h6 25. Rc4 g5 26. Bg3 Rb2+ 27. Kc1 Rb1+ 28. Kd2 Be6 29. Ra4 Rb2+ 30. Kd3 Bf5+ 31. Kc4 Rc2+ 32. Kd5 Bd7 33. Rxa7 Bc6+ 34. Ke6 Re2+ 35. Kd6 Bxf3 36. gxf3 d3 37. Rd7 Rxa2 38. Ke6 Re2+ 39. Kf5 d2 40. Kg6 Re6+ 41. Kf5 Re2 42. Kg6 Bf8 43. Kf5 Kg8 44. h4 Bb4 45. hxg5 hxg5 46. Kf6 Re1 47. Rd8+ Kh7 48. Rd7+ Kh6 49. f4 d1Q 50. fxg5+ Kh5 51. Rxd1 Rxd1 52. g6 Bc3+ 53. Kf5 Rd5+ 54. Ke4 Rg5 0-1

[Event "Elekes Memorial IM 29th"]
[Site "Budapest"]
[Date "2004.05.20"]
[Round "6"]
[White "Lorincz, Istvan"]
[Black "Harmon, Clark R"]
[Result "1/2-1/2"]
[WhiteElo "2337"]
[BlackElo "2184"]
[PlyCount "73"]
[EventDate "2004.05.15"]
[EventType "tourn"]
[EventRounds "11"]
[EventCountry "HUN"]
[EventCategory "2"]
[SourceTitle "CBM 100 Extra"]
[Source "ChessBase"]
[SourceDate "2004.07.06"]
[SourceVersion "2"]
[SourceVersionDate "2004.07.06"]
[SourceQuality "1"]

1. d4 Nf6 2. c4 e6 3. Nc3 Bb4 4. Qc2 0-0 5. Bg5 d5 6. cxd5 exd5 7. e3 Re8 8. Bd3 h6 9. Bh4 c5 10. Nge2 Nc6 11. 0-0 cxd4 12. Bxf6 Qxf6 13. Nxd5 Qd6 14. e4 Be6 15. Nef4 Rac8 16. Qa4 Bd2 17. g3 Ne5 18. Be2 Bxd5 19. Nxd5 d3 20. Bd1 Nc4 21. Bf3 a6 22. Qb3 Ne5 23. Bg2 b5 24. f4 Ng4 25. Qxd3 Qc5+ 26. Kh1 Nf2+ 27. Rxf2 Qxf2 28. a4 bxa4 29. Qxa6 Rc1+ 30. Rxc1 Bxc1 31. h3 Be3 32. Nxe3 Qxe3 33. Qxa4 Rc8 34. Kh2 Rc1 35. h4 Qg1+ 36. Kh3 Qc5 37. Qe8+ 1/2-1/2

[Event "Elekes Memorial IM 29th"]
[Site "Budapest"]
[Date "2004.05.19"]
[Round "5"]
[White "Harmon, Clark R"]
[Black "Orso, Miklos"]
[Result "1/2-1/2"]
[WhiteElo "2184"]
[BlackElo "2350"]
[PlyCount "49"]
[EventDate "2004.05.15"]
[EventType "tourn"]
[EventRounds "11"]
[EventCountry "HUN"]
[EventCategory "2"]
[SourceTitle "CBM 100 Extra"]
[Source "ChessBase"]
[SourceDate "2004.07.06"]
[SourceVersion "2"]
[SourceVersionDate "2004.07.06"]
[SourceQuality "1"]

1. d4 Nf6 2. c4 g6 3. Nc3 d5 4. cxd5 Nxd5 5. e4 Nxc3 6. bxc3 Bg7 7. Nf3 c5 8. h3 0-0 9. Be3 Nc6 10. Rc1 cxd4 11. cxd4 Qa5+ 12. Qd2 Qxd2+ 13. Kxd2 Rd8 14. Bc4 Na5 15. Bd3 Bd7 16. Rc7 h6 17. Rhc1 e6 18. Ke2 g5 19. R1c5 b6 20. Rc1 Bf8 21. e5 Ba3 22. R1c3 Bb4 23. Rc1 Ba3 24. R1c3 Bb4 25. Rc1 1/2-1/2

[Event "Elekes Memorial IM 29th"]
[Site "Budapest"]
[Date "2004.05.18"]
[Round "4"]
[White "Simonsen, Hans Kristian"]
[Black "Harmon, Clark R"]
[Result "1-0"]
[WhiteElo "2243"]
[BlackElo "2184"]
[PlyCount "57"]
[EventDate "2004.05.15"]
[EventType "tourn"]
[EventRounds "11"]
[EventCountry "HUN"]
[EventCategory "2"]
[SourceTitle "CBM 100 Extra"]
[Source "ChessBase"]
[SourceDate "2004.07.06"]
[SourceVersion "2"]
[SourceVersionDate "2004.07.06"]
[SourceQuality "1"]

1. d4 Nf6 2. c4 e6 3. Nc3 Bb4 4. e3 0-0 5. Bd3 d5 6. Nf3 c5 7. 0-0 cxd4 8. exd4 dxc4 9. Bxc4 a6 10. a3 Bxc3 11. bxc3 b5 12. Bd3 Bb7 13. a4 Qd5 14. axb5 axb5 15. Rb1 Bc6 16. Re1 Nbd7 17. Qe2 Rfb8 18. Bf4 Rb7 19. Rb2 Qh5 20. Reb1 Qg4 21. Bd2 Rab8 22. h3 Qh5 23. Bf4 e5 24. Nxe5 Qxe2 25. Bxe2 Be4 26. Nxd7 Nxd7 27. Bxb8 Bxb1 28. Rxb1 Rxb8 29. Rxb5 1-0

[Event "Elekes Memorial IM 29th"]
[Site "Budapest"]
[Date "2004.05.16"]
[Round "2"]
[White "Benda, Herbert"]
[Black "Harmon, Clark R"]
[Result "1/2-1/2"]
[WhiteElo "2283"]
[BlackElo "2184"]
[PlyCount "63"]
[EventDate "2004.05.15"]
[EventType "tourn"]
[EventRounds "11"]
[EventCountry "HUN"]
[EventCategory "2"]
[SourceTitle "CBM 100 Extra"]
[Source "ChessBase"]
[SourceDate "2004.07.06"]
[SourceVersion "2"]
[SourceVersionDate "2004.07.06"]
[SourceQuality "1"]

1. e4 e5 2. Nf3 Nf6 3. Nxe5 d6 4. Nf3 Nxe4 5. d4 d5 6. Bd3 Nc6 7. 0-0 Be7 8. c4 Nb4 9. Be2 0-0 10. Nc3 Bf5 11. a3 Nxc3 12. bxc3 Nc6 13. Re1 Re8 14. Bf4 Rc8 15. Qa4 a6 16. cxd5 Qxd5 17. Bc4 Bc2 18. Bxd5 Bxa4 19. h4 h6 20. h5 Kf8 21. Rab1 b6 22. Be4 Bd8 23. Bf5 Rb8 24. Bd7 Re7 25. Ne5 Nxe5 26. Bxa4 Nc4 27. d5 b5 28. Bb3 Nd6 29. Red1 Re4 30. g3 Bf6 31. Rd3 Bg5 32. Bxd6+ 1/2-1/2

[Event "Schneider Memorial"]
[Site "Budapest"]
[Date "2003.12.09"]
[Round "9"]
[White "Harmon, Clark R"]
[Black "Jakab, Attila"]
[Result "1/2-1/2"]
[WhiteElo "2207"]
[BlackElo "2420"]
[PlyCount "52"]
[EventDate "2003.12.01"]
[EventType "tourn"]
[EventRounds "11"]
[EventCountry "HUN"]
[EventCategory "4"]
[SourceTitle "CBM 097 Extra"]
[Source "ChessBase"]
[SourceDate "2004.01.13"]
[SourceVersion "1"]
[SourceVersionDate "2004.01.13"]
[SourceQuality "1"]

1. d4 d5 2. c4 c6 3. Nf3 e6 4. Qc2 Bd6 5. g3 f5 6. Bg2 Nf6 7. 0-0 0-0 8. b3 Qe7 9. a4 a5 10. Ba3 Na6 11. Bxd6 Qxd6 12. Qb2 b6 13. Ne5 Bb7 14. Na3 Nd7 15. Rac1 Nxe5 16. dxe5 Qe7 17. e3 Nb4 18. Rfd1 Ba6 19. Rd2 Rfd8 20. Rcd1 Rd7 21. cxd5 exd5 22. Nc4 Re8 23. Nd6 Rf8 24. Bh3 g6 25. Bg2 Qd8 26. Qd4 Rg7 1/2-1/2

[Event "Schneider Memorial"]
[Site "Budapest"]
[Date "2003.12.06"]
[Round "6"]
[White "Horvath, Andras"]
[Black "Harmon, Clark R"]
[Result "1/2-1/2"]
[WhiteElo "2265"]
[BlackElo "2207"]
[PlyCount "83"]
[EventDate "2003.12.01"]
[EventType "tourn"]
[EventRounds "11"]
[EventCountry "HUN"]
[EventCategory "4"]
[SourceTitle "CBM 097 Extra"]
[Source "ChessBase"]
[SourceDate "2004.01.13"]
[SourceVersion "1"]
[SourceVersionDate "2004.01.13"]
[SourceQuality "1"]

1. d4 Nf6 2. Nf3 e6 3. c4 b6 4. g3 Ba6 5. b3 Bb4+ 6. Bd2 Be7 7. Bg2 c6 8. Bc3 d5 9. Nbd2 Nbd7 10. 0-0 Rc8 11. Re1 c5 12. e4 0-0 13. e5 Ne8 14. cxd5 exd5 15. Bh3 Nc7 16. Nf1 Ne6 17. Rc1 Re8 18. Ne3 cxd4 19. Nxd4 Ba3 20. Rc2 Ndc5 21. Nef5 Ne4 22. Bd2 Nxd4 23. Nxd4 Rxc2 24. Qxc2 Bc5 25. Be3 Bb7 26. f4 g5 27. e6 gxf4 28. exf7+ Kxf7 29. Rf1 Kg8 30. gxf4 Ng5 31. fxg5 Rxe3 32. Qf5 Bxd4 33. Kh1 Qe7 34. g6 Qe4+ 35. Qxe4 Rxe4 36. gxh7+ Kxh7 37. Rf7+ Kg6 38. Rxb7 Re1+ 39. Kg2 Re2+ 40. Kf3 Rxh2 41. Bg2 Rh7 42. Rxh7 1/2-1/2

[Event "Schneider Memorial"]
[Site "Budapest"]
[Date "2003.12.01"]
[Round "1"]
[White "Harmon, Clark R"]
[Black "Poulsen, Martin"]
[Result "0-1"]
[WhiteElo "2207"]
[BlackElo "2252"]
[PlyCount "92"]
[EventDate "2003.12.01"]
[EventType "tourn"]
[EventRounds "11"]
[EventCountry "HUN"]
[EventCategory "4"]
[SourceTitle "CBM 097 Extra"]
[Source "ChessBase"]
[SourceDate "2004.01.13"]
[SourceVersion "1"]
[SourceVersionDate "2004.01.13"]
[SourceQuality "1"]

1. d4 f5 2. c4 Nf6 3. g3 e6 4. Bg2 c6 5. Nf3 d5 6. Qc2 Bd6 7. 0-0 0-0 8. b3 Qe7 9. a4 a5 10. Ba3 Bxa3 11. Nxa3 Na6 12. Ne5 Nd7 13. Nd3 Nf6 14. Rfc1 Bd7 15. Qd2 b6 16. f3 c5 17. Ne5 Rfd8 18. cxd5 exd5 19. e3 Rac8 20. Bf1 Nc7 21. Nb5 Ne6 22. Na7 Rc7 23. Nb5 Rb7 24. Re1 Be8 25. Bd3 g6 26. Rac1 Rbb8 27. Bf1 Rbc8 28. Bd3 Nd7 29. Na7 Nxe5 30. Nxc8 Nxf3+ 31. Kf2 Nxd2 32. Nxe7+ Kf8 33. Nxf5 gxf5 34. Bxf5 Ng7 35. Bc2 Bg6 36. dxc5 bxc5 37. Ke2 Bxc2 38. Kxd2 Bxb3 39. Rxc5 Bxa4 40. Rxa5 Be8 41. Rf1+ Kg8 42. Rf6 Bg6 43. g4 d4 44. h4 Ne8 45. Rf4 Nd6 46. Rc5 Ne4+ 0-1

[Event "World op 31st"]
[Site "Philadelphia"]
[Date "2003.06.30"]
[Round "1"]
[White "Blatny, Pavel"]
[Black "Harmon, Clark R"]
[Result "1-0"]
[WhiteElo "2458"]
[BlackElo "2198"]
[PlyCount "93"]
[EventDate "2003.06.30"]
[EventType "swiss"]
[EventRounds "9"]
[EventCountry "USA"]
[SourceTitle "EXT 2004"]
[Source "ChessBase"]
[SourceDate "2003.11.25"]
[SourceVersion "1"]
[SourceVersionDate "2003.11.25"]
[SourceQuality "1"]

1. g3 Nf6 2. f4 d5 3. Nf3 g6 4. b3 Bg7 5. Bb2 c5 6. Bg2 Nc6 7. Ne5 Nxe5 8. Bxe5 0-0 9. 0-0 Ne8 10. Bxg7 Nxg7 11. Nc3 Be6 12. Qe1 Qd7 13. Qf2 Rac8 14. e4 dxe4 15. Nxe4 b6 16. d3 Qd4 17. Ng5 Bf5 18. Rae1 Rc7 19. h3 f6 20. Nf3 Qxf2+ 21. Rxf2 Rd8 22. Rfe2 Kf7 23. Nh2 Bc8 24. Ng4 Nf5 25. Kf2 Bb7 26. Bxb7 Rxb7 27. Nh2 Nd4 28. Rd2 b5 29. c3 Nc6 30. Nf3 Rbd7 31. Ke2 Rd6 32. Red1 a5 33. g4 e6 34. g5 f5 35. Ke3 Rb8 36. d4 c4 37. bxc4 bxc4 38. Ne5+ Ke7 39. Nxc4 Rd5 40. Rb2 Rxb2 41. Nxb2 a4 42. Rd2 Na5 43. Kd3 a3 44. Nc4 Nxc4 45. Kxc4 Rd8 46. Kb4 Ra8 47. c4 1-0

[Event "Budapest FS05 IM-A"]
[Site "Budapest"]
[Date "2003.05.12"]
[Round "10"]
[White "Harmon, Clark R"]
[Black "Lund, Silas Esben"]
[Result "0-1"]
[WhiteElo "2198"]
[BlackElo "2269"]
[PlyCount "104"]
[EventDate "2003.05.03"]
[EventType "tourn"]
[EventRounds "13"]
[EventCountry "HUN"]
[EventCategory "1"]
[SourceTitle "CBM 094 Extra"]
[Source "ChessBase"]
[SourceDate "2003.07.09"]
[SourceVersion "2"]
[SourceVersionDate "2003.07.09"]
[SourceQuality "1"]

1. d4 Nf6 2. c4 c5 3. d5 e6 4. Nc3 exd5 5. cxd5 d6 6. e4 g6 7. h3 Bg7 8. Nf3 0-0 9. Bd3 Re8 10. 0-0 a6 11. a4 Nbd7 12. Bf4 Qc7 13. Nd2 Ne5 14. Be2 Rb8 15. Be3 Ned7 16. Ra3 h6 17. Rb3 g5 18. g4 Ne5 19. f4 gxf4 20. Rxf4 Qe7 21. Qf1 Nfd7 22. Qg2 Ng6 23. Rf1 Kh7 24. Kh1 Bf6 25. Qf2 Rf8 26. Bd3 Bh4 27. Qe2 Nde5 28. Bc2 Bg5 29. Bd3 Nxd3 30. Qxd3 Qe5 31. Ne2 b5 32. Nf3 Qe7 33. Bxg5 hxg5 34. Qe3 f6 35. Rf2 Bd7 36. axb5 axb5 37. Rh2 Kg7 38. Ra3 Ra8 39. Ng3 Nf4 40. h4 Bxg4 41. hxg5 fxg5 42. Rxa8 Rxa8 43. Qc3+ Kg6 44. Ng1 Qe5 45. Qb3 Rh8 46. Qc2 c4 47. Nf1 Nd3 48. Qg2 Rxh2+ 49. Nxh2 Bh5 50. Ngf3 Qf4 51. Nd4 Ne1 52. Ne2 Nxg2 0-1

[Event "Budapest FS03 IM-B"]
[Site "Budapest"]
[Date "2003.03.07"]
[Round "7"]
[White "Harmon, Clark R"]
[Black "Zhidkov, Valery S"]
[Result "1/2-1/2"]
[WhiteElo "2198"]
[BlackElo "2372"]
[PlyCount "91"]
[EventDate "2003.03.01"]
[EventType "tourn"]
[EventRounds "11"]
[EventCountry "HUN"]
[EventCategory "1"]
[SourceTitle "CBM 093 Extra"]
[Source "ChessBase"]
[SourceDate "2003.05.09"]
[SourceVersion "1"]
[SourceVersionDate "2003.05.09"]
[SourceQuality "1"]

1. d4 g6 2. Nf3 Bg7 3. c4 c5 4. d5 Nf6 5. Nc3 0-0 6. e4 d6 7. h3 e6 8. Bd3 exd5 9. cxd5 b5 10. Bxb5 Nxe4 11. Nxe4 Qa5+ 12. Nfd2 Qxb5 13. Nxd6 Qa6 14. N2c4 Nd7 15. 0-0 Ne5 16. Nxe5 Qxd6 17. Nc4 Qa6 18. Ne3 Bb7 19. Qc2 Rfd8 20. Bd2 Bxd5 21. Nxd5 Rxd5 22. Bc3 Bd4 23. a3 Rad8 24. Rac1 Qf6 25. Qe2 Re5 26. Qb5 a6 27. Qc4 Rg5 28. Kh1 Rf5 29. Rc2 h5 30. Bxd4 Rxd4 31. Qb3 Kh7 32. Qe3 Re5 33. Qg3 Qf5 34. Rc3 h4 35. Qh2 Rf4 36. f3 Rd4 37. Qg1 Rd2 38. Rf2 Rd3 39. Rc4 g5 40. Rf1 Red5 41. Rcc1 R3d4 42. Rfe1 Kg7 43. Re2 Qf4 44. Qf2 Qg3 45. Qe1 Qxe1+ 46. Rcxe1 1/2-1/2

[Event "Budapest FS03 IM-B"]
[Site "Budapest"]
[Date "2003.03.06"]
[Round "6"]
[White "Kovacs, Gabor2222"]
[Black "Harmon, Clark R"]
[Result "1-0"]
[WhiteElo "2186"]
[BlackElo "2198"]
[PlyCount "69"]
[EventDate "2003.03.01"]
[EventType "tourn"]
[EventRounds "11"]
[EventCountry "HUN"]
[EventCategory "1"]
[SourceTitle "CBM 093 Extra"]
[Source "ChessBase"]
[SourceDate "2003.05.09"]
[SourceVersion "1"]
[SourceVersionDate "2003.05.09"]
[SourceQuality "1"]

1. d4 Nf6 2. Nf3 e6 3. c4 Bb4+ 4. Bd2 Qe7 5. Nc3 b6 6. g3 Bb7 7. Bg2 0-0 8. 0-0 Bxc3 9. Bxc3 Ne4 10. Qd3 Nxc3 11. Qxc3 Be4 12. Rfd1 d6 13. Bf1 Nd7 14. Nd2 Bb7 15. e4 e5 16. d5 f5 17. exf5 Rxf5 18. Bh3 Rh5 19. Bg4 Rh6 20. Ne4 Nf8 21. Qe3 Bc8 22. Bxc8 Rxc8 23. b4 c5 24. bxc5 bxc5 25. Rab1 Qc7 26. Rb5 Rb8 27. Rdb1 Rxb5 28. Rxb5 Qc8 29. h4 Qf5 30. Rb8 Rg6 31. Rd8 Rg4 32. Ng5 Rxc4 33. Ne6 Qb1+ 34. Kh2 h6 35. Qf3 1-0

[Event "Budapest FS11 IM"]
[Site "Budapest"]
[Date "2002.11.12"]
[Round "11"]
[White "Harmon, Clark R"]
[Black "Timmermans, Ivo"]
[Result "1/2-1/2"]
[WhiteElo "2223"]
[BlackElo "2180"]
[PlyCount "21"]
[EventDate "2002.11.02"]
[EventType "tourn"]
[EventRounds "13"]
[EventCountry "HUN"]
[EventCategory "1"]
[SourceTitle "EXT 2003"]
[Source "ChessBase"]
[SourceDate "2002.11.25"]
[SourceVersion "1"]
[SourceVersionDate "2002.11.25"]
[SourceQuality "1"]

1. d4 d5 2. Nf3 e6 3. Bf4 Bd6 4. Bg3 f5 5. e3 Nf6 6. Ne5 0-0 7. Nd2 b6 8. c3 Bb7 9. Bd3 Nbd7 10. Qa4 Bxe5 11. Bxe5 1/2-1/2

[Event "Budapest FS11 IM"]
[Site "Budapest"]
[Date "2002.11.03"]
[Round "2"]
[White "Harmon, Clark R"]
[Black "Dencsi, Tibor"]
[Result "1/2-1/2"]
[WhiteElo "2223"]
[BlackElo "2209"]
[PlyCount "45"]
[EventDate "2002.11.02"]
[EventType "tourn"]
[EventRounds "13"]
[EventCountry "HUN"]
[EventCategory "1"]
[SourceTitle "EXT 2003"]
[Source "ChessBase"]
[SourceDate "2002.11.25"]
[SourceVersion "1"]
[SourceVersionDate "2002.11.25"]
[SourceQuality "1"]

1. d4 Nf6 2. Nf3 g6 3. c4 Bg7 4. Nc3 0-0 5. e4 d6 6. h3 a6 7. a4 Nc6 8. d5 Nb4 9. a5 c5 10. Be3 Bd7 11. Be2 b5 12. 0-0 bxc4 13. Bxc4 Bb5 14. Be2 Ne8 15. Qd2 Nc7 16. Rfd1 Qe8 17. Ne1 Bxe2 18. Qxe2 f5 19. exf5 Rxf5 20. Qc4 Qd7 21. Rd2 Raf8 22. Rad1 h5 23. Qe4 1/2-1/2

[Event "Elekes Memorial IM 27th"]
[Site "Budapest"]
[Date "2002.05.26"]
[Round "9"]
[White "Bui, Vinh"]
[Black "Harmon, Clark R"]
[Result "1-0"]
[WhiteElo "2420"]
[BlackElo "2201"]
[PlyCount "83"]
[EventDate "2002.05.18"]
[EventType "tourn"]
[EventRounds "11"]
[EventCountry "HUN"]
[EventCategory "3"]
[SourceTitle "EXT 2003"]
[Source "ChessBase"]
[SourceDate "2002.11.25"]
[SourceVersion "1"]
[SourceVersionDate "2002.11.25"]
[SourceQuality "1"]

1. d4 Nf6 2. Nf3 e6 3. c4 Bb4+ 4. Bd2 c5 5. Bxb4 cxb4 6. Nbd2 0-0 7. e4 d6 8. Bd3 Nc6 9. 0-0 e5 10. d5 Nb8 11. a3 Na6 12. axb4 Nxb4 13. Qb3 a5 14. Bb1 Nd7 15. Ra3 Nc5 16. Qe3 f5 17. Nxe5 fxe4 18. h3 Qe7 19. Nef3 Bf5 20. Nd4 Bg6 21. f4 Bf7 22. Nxe4 Rae8 23. Nf5 Qd7 24. Nfxd6 Nxe4 25. Nxe4 Bg6 26. Qf3 Bxe4 27. Bxe4 Qe7 28. Re3 Qc5 29. Rfe1 Rf7 30. Qf2 Ref8 31. Rf3 Qxf2+ 32. Kxf2 Rxf4 33. Rxf4 Rxf4+ 34. Ke3 Rf8 35. c5 Re8 36. Rd1 Nc2+ 37. Kd3 Nb4+ 38. Kd4 Rd8 39. Kc4 Kf7 40. d6 b5+ 41. Kxb5 Rb8+ 42. Kxa5 1-0

[Event "Elekes Memorial IM 27th"]
[Site "Budapest"]
[Date "2002.05.25"]
[Round "8"]
[White "Harmon, Clark R"]
[Black "Diermair, Andreas"]
[Result "1/2-1/2"]
[WhiteElo "2201"]
[BlackElo "2196"]
[PlyCount "92"]
[EventDate "2002.05.18"]
[EventType "tourn"]
[EventRounds "11"]
[EventCountry "HUN"]
[EventCategory "3"]
[SourceTitle "EXT 2003"]
[Source "ChessBase"]
[SourceDate "2002.11.25"]
[SourceVersion "1"]
[SourceVersionDate "2002.11.25"]
[SourceQuality "1"]

1. d4 d5 2. Nf3 Nf6 3. Bf4 Bf5 4. e3 e6 5. c4 c6 6. Nc3 Be7 7. Qb3 Qc8 8. Rc1 0-0 9. cxd5 Nxd5 10. Bg3 Nxc3 11. Rxc3 Nd7 12. Be2 Nf6 13. Nd2 Qd7 14. 0-0 Rac8 15. Rd1 Bg6 16. Bf3 Nh5 17. Nc4 Nxg3 18. hxg3 Bf6 19. Na5 Rc7 20. Qa4 c5 21. Qxd7 Rxd7 22. Nxb7 cxd4 23. exd4 Rxd4 24. Ra3 Rxd1+ 25. Bxd1 Bd4 26. Ra4 e5 27. b3 Rc8 28. Rc4 Rxc4 29. bxc4 Be4 30. Nd6 Bc6 31. Nb5 Bc5 32. Bf3 Bxf3 33. gxf3 Kf8 34. g4 Ke7 35. Nc7 Bb6 36. Nb5 Ke6 37. Kf1 h6 38. Nc3 g6 39. Ne4 f5 40. Nd2 Kd6 41. Nb3 Kc6 42. Kg2 Kd6 43. gxf5 gxf5 44. a4 Ke6 45. f4 exf4 46. f3 Be3 1/2-1/2

[Event "Elekes Memorial IM 27th"]
[Site "Budapest"]
[Date "2002.05.22"]
[Round "5"]
[White "Harmon, Clark R"]
[Black "Galyas, Miklos"]
[Result "0-1"]
[WhiteElo "2201"]
[BlackElo "2391"]
[PlyCount "62"]
[EventDate "2002.05.18"]
[EventType "tourn"]
[EventRounds "11"]
[EventCountry "HUN"]
[EventCategory "3"]
[SourceTitle "EXT 2003"]
[Source "ChessBase"]
[SourceDate "2002.11.25"]
[SourceVersion "1"]
[SourceVersionDate "2002.11.25"]
[SourceQuality "1"]

1. d4 Nf6 2. Nf3 d5 3. Bf4 c5 4. e3 Nc6 5. c3 Qb6 6. Qb3 c4 7. Qc2 Bf5 8. Qc1 e6 9. Nbd2 Be7 10. Be2 h6 11. h3 0-0 12. 0-0 Qd8 13. Ne5 Nxe5 14. Bxe5 b5 15. b3 Qa5 16. b4 Qb6 17. a4 a5 18. bxa5 Qxa5 19. axb5 Qxb5 20. Bxf6 Bxf6 21. e4 Bxe4 22. Nxe4 dxe4 23. Rb1 Qd5 24. Rb4 Rfc8 25. Qb1 Ra3 26. Qb2 Rb3 27. Rxb3 cxb3 28. Ra1 e5 29. Ra3 exd4 30. Rxb3 dxc3 31. Qc2 Qxb3 0-1

[Event "Elekes Memorial IM 27th"]
[Site "Budapest"]
[Date "2002.05.20"]
[Round "3"]
[White "Harmon, Clark R"]
[Black "Benda, Herbert"]
[Result "1/2-1/2"]
[WhiteElo "2201"]
[BlackElo "2303"]
[PlyCount "117"]
[EventDate "2002.05.18"]
[EventType "tourn"]
[EventRounds "11"]
[EventCountry "HUN"]
[EventCategory "3"]
[SourceTitle "EXT 2003"]
[Source "ChessBase"]
[SourceDate "2002.11.25"]
[SourceVersion "1"]
[SourceVersionDate "2002.11.25"]
[SourceQuality "1"]

1. d4 g6 2. Nf3 Bg7 3. Bf4 c5 4. e3 Qb6 5. Nc3 cxd4 6. exd4 d6 7. Bc4 Nf6 8. 0-0 0-0 9. Re1 Bg4 10. Bb3 e6 11. h3 Bxf3 12. Qxf3 d5 13. Bg5 Nbd7 14. Rad1 a6 15. g4 Rac8 16. Kg2 h6 17. Bf4 Qd8 18. Qe3 Kh7 19. f3 Nb6 20. Rd3 Nc4 21. Qc1 b5 22. Ne2 Ne8 23. Rh1 Ned6 24. c3 b4 25. Bc2 bxc3 26. bxc3 Nb5 27. a4 Nba3 28. Bb3 Qb6 29. Ba2 Nb2 30. Rd2 Nac4 31. Bxc4 Nxc4 32. Ra2 f6 33. Qb1 Qxb1 34. Rxb1 e5 35. Bc1 Rb8 36. Raa1 Kg8 37. Kf2 Kf7 38. Ng3 Ke6 39. f4 e4 40. f5+ gxf5 41. Nxf5 Rxb1 42. Rxb1 Rf7 43. Rb8 h5 44. Re8+ Kd7 45. Ra8 Bf8 46. Ra7+ Ke8 47. Ra8+ Kd7 48. Rxa6 hxg4 49. hxg4 Be7 50. Bf4 Ba3 51. Nh6 Rf8 52. Ra7+ Kc6 53. Ke2 Bb2 54. Bd2 Kb6 55. Re7 Ka5 56. Ra7+ Kb6 57. Re7 Ka5 58. Ra7+ Kb6 59. Re7 1/2-1/2